Normal view
MARC view
- Anatomy, Surgical and topographical
Entry Topical Term
001 - CONTROL NUMBER
- control field: 114175
003 - CONTROL NUMBER IDENTIFIER
- control field: NUST
005 - DATE AND TIME OF LATEST TRANSACTION
- control field: 20230817163533.0
008 - FIXED-LENGTH DATA ELEMENTS
- fixed length control field: 230817|| aca||aabn | a|a d
040 ## - CATALOGING SOURCE
- Original cataloging agency: NUST
- Transcribing agency: NUST
150 ## - HEADING--TOPICAL TERM
- Topical term or geographic name entry element: Anatomy, Surgical and topographical
670 ## - SOURCE DATA FOUND
- Source citation: Work cat.: (NUST): Sinnatamby, Chummy S. 114174, Last's Anatomy : , 2011.
